|
|
|
|
| LEADER |
00000nam a22000007a 4500 |
| 005 |
20220207200747.0 |
| 007 |
cr|||| |||| |
| 008 |
220207s2007 co |||||s|||| 00||0 spa d |
| 020 |
|
|
|a 978-958-648-493-0
|
| 035 |
|
|
|a 35784
|
| 040 |
|
|
|a vLex
|
| 090 |
|
|
|c 12920
|d 12920
|
| 100 |
1 |
|
|a Pardav ̌Livia, Walter
|
| 245 |
1 |
0 |
|a Estrategias ambientales de las 3R a las 10R
|h [Recurso electrn̤ico] /
|c Walter Pardav ̌Livia
|
| 256 |
|
|
|a Servicio en ln̕ea
|
| 260 |
|
|
|a Bogot:̀
|b ECOE,
|c 2007
|
| 300 |
|
|
|a 1 recurso electrn̤ico
|
| 500 |
|
|
|a Dentro del empeǫ de compatibilizar economa̕ y ecologa̕ con rostro humano, se presenta esta propuesta la cual, adems̀ de contribuir con el futuro de nuestro planeta, ayuda a transformar las dificultades en oportunidades, los gastos en ahorros y los riesgos en beneficios. Las empresas tanto a nivel nacional como internacional, para abordar la tarea de la gestin̤ ambiental, han planteado y llevado a cabo diversas propuestas de acciones para mejorar el comportamiento de la empresa respecto a los asuntos ambientales internos y externos.
|
| 506 |
1 |
|
|a Disponible solo en los productos indicados
|d vLex Global
|d vLex Global (Academic Edition, excluding Law Schools)
|d vLex Global (U.S. Academic Edition, Law Schools)
|d vLex Global (U.S. Academic Edition, excluding Law Schools)
|d vLex Global (Academic Edition, Law Schools)
|
| 650 |
0 |
4 |
|a Proteccin̤ del Medio ambiente
|z Colombia
|
| 740 |
0 |
|
|a vLex Libros (Servicio en ln̕ea)
|
| 856 |
4 |
0 |
|u https://app.vlex.com/#/sources/35784
|z Acceso restringido
|
| 942 |
|
|
|c BOOK
|
| 999 |
0 |
|
|a Environmental Protection
|